Fleuves et rivières sur une carte du Monde - Statistiques

Statistiques générales
  • Ce quiz a été pris 44 529 fois
    44 491 depuis la dernière actualisation
  • Le résultat moyen est 15 sur 50
Réponses sur la Carte
Les réponses sont colorées sur une échelle allant du rouge au vert en fonction du pourcentage des utilisateurs qui les ont devinées à leur premier essai. Vous pouvez retrouver ces pourcentages ci-dessous.
 
Statistiques - réponses
Réponse % Correct
Nil
90%
Loire
88%
Rhin
85%
Amazone
82%
Mississippi
80%
Danube
78%
Tigre
55%
Gange
53%
Volga
53%
Euphrate
52%
Congo
51%
Niger
43%
Missouri
41%
Mékong
39%
Colorado
38%
Rio Grande
38%
Amour
37%
Fleuve Jaune
35%
Fleuve Saint-Laurent
33%
Sénégal
28%
Yangzi Jiang
28%
Zambèze
27%
Nil Bleu
26%
Dniepr
22%
Indus
22%
Tage
21%
Ob
18%
Ohio
18%
Yukon
17%
Léna
16%
Vistule
15%
Brahmapoutre
14%
Orange
13%
Rio Uruguay
13%
Arkansas
12%
Rio Paraguay
12%
Ienissei
11%
Rio Parana
11%
Rio Negro
10%
Mackenzie
9%
Orénoque
9%
Rivière des Perles
9%
Murray
8%
Amou-Daria
6%
Columbia
6%
Syr-Daria
6%
Irrawaddy
4%
Rio Madeira
4%
Rio Tocantins
4%
Irtych
3%
Aucun quiz correspondant
Distribution des résultats
% des personnes avec chaque résultat
Percentile par nombre de réponses
Votre historique - résultats
Vous n’avez pas pris ce quiz depuis la dernière actualisation